Compendium of cucurbit diseases
সংরক্ষণ করুন:
| প্রধান লেখক: | , , |
|---|---|
| বিন্যাস: | গ্রন্থ |
| ভাষা: | ইংরেজি |
| প্রকাশিত: |
Nueva York
APS
1996
|
| মালা: | The Disease Compendium Series of The American Phytopathological Society
|
| বিষয়গুলি: | |
| ট্যাগগুলো: |
ট্যাগ যুক্ত করুন
কোনো ট্যাগ নেই, প্রথমজন হিসাবে ট্যাগ করুন!
|
MARC
| LEADER | 00000nam a2200000 a 4500 | ||
|---|---|---|---|
| 001 | UCO4665 | ||
| 003 | CL-VaPUC | ||
| 008 | 000811e19960000US |||||||||||||||||eng|d | ||
| 082 | 0 | 4 | |a 635.6 |b ZIT |2 21 |
| 100 | 0 | |a Zitter, Thomas A |e author |9 449293 | |
| 700 | 0 | |a Hopkins, Donald L |e author |9 449294 | |
| 700 | 0 | |a Thomas, Claude E |e author |9 449295 | |
| 245 | 1 | 0 | |a Compendium of cucurbit diseases |
| 300 | |a 87 p | ||
| 942 | |c BK | ||
| 945 | |d 20000811 00:00:00 |a vberengu | ||
| 260 | |a Nueva York |b APS |c 1996 | ||
| 650 | 7 | |a CALABAZA |2 CL-VaPUC |9 402947 | |
| 650 | 7 | |a CUCURBITACEAS |2 CL-VaPUC |9 404717 | |
| 650 | 0 | |a Enfermedades de las plantas |9 259687 | |
| 650 | 0 | |a Plagas y enfermedades (Plantas) |9 417691 | |
| 650 | 7 | |a MELON |2 CL-VaPUC |9 449296 | |
| 650 | 7 | |a SANDIA |2 CL-VaPUC |9 449297 | |
| 650 | 7 | |a CUCUMIS MELO |2 CL-VaPUC |9 449298 | |
| 650 | 7 | |a CITRULLUS LANATUS |2 CL-VaPUC |9 449299 | |
| 583 | |a last modification |c 20000811 00:00:00 |k Rodrigo Vera | ||
| 490 | 0 | |a The Disease Compendium Series of The American Phytopathological Society | |
| 999 | |c 290678 |d 290676 | ||
| 952 | |0 0 |1 0 |4 0 |6 635_600000000000000_ZIT_1996 |7 0 |8 A |9 340212 |a BIBAGR |b BIBAGR |d 2019-11-20 |i 363373K |o 635.6 ZIT 1996 |p 363373K |r 2025-01-20 |w 2019-11-20 |y BK |k AGR | ||